The Effect of Neem (Aadirachta indica) leaf extract on the percent germination of mongo ((Vigna radiata) / (Record no. 367347)
[ view plain ]
| 000 -LEADER | |
|---|---|
| fixed length control field | 00751nam a22001937a 4500 |
| 003 - CONTROL NUMBER IDENTIFIER | |
| control field | 0 |
| 005 - DATE AND TIME OF LATEST TRANSACTION | |
| control field | 20250328143357.0 |
| 008 - FIXED-LENGTH DATA ELEMENTS--GENERAL INFORMATION | |
| fixed length control field | 250328b xxu||||| |||| 00| 0 eng d |
| 050 ## - LIBRARY OF CONGRESS CALL NUMBER | |
| Classification number | PHS SB 113.2 |
| Item number | .V47 2007 |
| 100 ## - MAIN ENTRY--PERSONAL NAME | |
| Personal name | Versoza, Juan Carlos Y. |
| 245 ## - TITLE STATEMENT | |
| Title | The Effect of Neem (Aadirachta indica) leaf extract on the percent germination of mongo ((Vigna radiata) / |
| Remainder of title | Juan Carlos Y. Versoza. |
| 260 ## - PUBLICATION, DISTRIBUTION, ETC. (IMPRINT) | |
| Place of publication, distribution, etc | Las Piñas City, Philippines : |
| Name of publisher, distributor, etc | Southville International School and Colleges, |
| Date of publication, distribution, etc | 2007. |
| 300 ## - PHYSICAL DESCRIPTION | |
| Extent | 21 pages : |
| Other physical details | illustrations ; |
| Dimensions | 28 cm. |
| 504 ## - BIBLIOGRAPHY, ETC. NOTE | |
| Bibliography, etc | Includes bibliographical references. |
| 650 ## - SUBJECT ADDED ENTRY--TOPICAL TERM | |
| Topical term or geographic name as entry element | Germination. |
| 650 ## - SUBJECT ADDED ENTRY--TOPICAL TERM | |
| Topical term or geographic name as entry element | Neem tree (Azadirachta indica) |
| General subdivision | Extracts. |
| 650 ## - SUBJECT ADDED ENTRY--TOPICAL TERM | |
| Topical term or geographic name as entry element | Mung bean (Vigna radiata) |
| General subdivision | Growth. |
| 942 ## - ADDED ENTRY ELEMENTS (KOHA) | |
| Source of classification or shelving scheme | Library of Congress Classification |
| Koha item type | PASS |
No items available.